|
|
|
|
| LEADER |
00000nam a2200000 a 4500 |
| 001 |
vtls001221210 |
| 003 |
SK-MaSNL |
| 005 |
20260301194855.0 |
| 008 |
240318s1994 xo a g 000 j slo |
| 015 |
|
|
|a SNBA1996/1203544
|
| 020 |
|
|
|a 8071141321
|
| 035 |
|
|
|a SNK000166340
|
| 035 |
|
|
|a urn:nbn:sk:snk-am3hppl
|
| 035 |
|
|
|a 782ED894-C248-4F31-919D-ABB846C6AC98
|
| 035 |
|
|
|a urn:nbn:sk:snk-am00ctxr
|
| 040 |
|
|
|a SNK
|b slo
|c SNK
|e AACR2
|
| 041 |
1 |
|
|a slo
|h eng
|
| 044 |
|
|
|a xo
|c SK
|
| 080 |
|
|
|a 820-3(087.5)
|2 1981
|
| 100 |
1 |
|
|a Watson, Carol,
|d 1949-
|4 aut
|9 216571
|
| 240 |
1 |
0 |
|a My little Christmas story
|l Slovensky
|
| 245 |
1 |
0 |
|a Jozef a Mária
|c [text Carol Watson] ; [ilustrácie Milan Spál] ; [z anglického originálu preložila Daniela Blažeková]
|
| 260 |
|
|
|a Bratislava
|b Lúč
|c 1994
|
| 300 |
|
|
|a [28] s.
|b ilustr.
|c 11 cm
|
| 490 |
1 |
|
|a Deťom
|
| 500 |
|
|
|a Údaj o aut., ilustr. a prekl. prevzatý z tiráže
|
| 650 |
0 |
7 |
|a anglická literatúra
|2 SNKPH
|9 1295
|
| 655 |
|
7 |
|a publikácie pre deti
|2 SNKPH
|9 70148
|
| 700 |
1 |
|
|a Spál, Milan,
|d 1931-
|4 ill
|9 242513
|
| 700 |
1 |
|
|a Blažeková, Daniela,
|d 1961-
|4 trl
|9 6788
|
| 830 |
|
0 |
|a Deťom
|9 312506
|
| 919 |
|
|
|a 80-7114-132-1
|
| 958 |
|
|
|a TL
|
| 958 |
|
|
|a UP
|
| 958 |
|
|
|a LX
|
| 958 |
|
|
|a BQ
|
| 968 |
|
|
|a SLO
|b ENG
|
| 999 |
|
|
|c 883398
|d 885328
|
| 952 |
|
|
|t P60, <09>, [BOOK], {629}
|a SNK
|b SNK
|y NEVYP
|7 0
|o snkE 160
|i snk3406/961003
|0 0
|1 0
|4 0
|d 1996-10-02
|l 0
|r 2005-01-01 00:00:00
|w 2026-02-24
|
| 952 |
|
|
|t P60, <03>, [BOOK], {603}
|a SNK
|b SNK
|y PREZ
|7 0
|p 17A0013035
|o snkSE 9176
|i snkKSP 8105/96
|0 0
|1 0
|4 0
|d 1996-10-02
|f 1
|l 0
|r 2005-01-01 00:00:00
|w 2026-02-24
|
| 952 |
|
|
|t P60, <04>, [BOOK], {604}
|a SNK
|b SNK
|y VYP
|7 0
|p 17A0013036
|o snkSE 9176 D1
|i snkKSP 8106/96
|0 0
|1 0
|4 0
|d 1996-10-02
|l 0
|r 2005-01-01 00:00:00
|w 2026-02-24
|